00528nam a2200181Ia 450000500170000000800410001704000190005804100120007708200130008910000210010224500490012326000290017230000360020150400500023765000200028765100290030785000100033620230609132404.0131103s9999 xx 000 0 und d aLoreto College aEnglish a938bCHA aChamoux,Francois 4aThe Civilisation of GreececFrancois Chamoux a[s.l.]b[s.n.]c[19 - ?] a395 p.b 229 ill.,20 maps,plans aIncludes bibliographical references and index aAncient History aGreece - Ancient History aLCLIB